| 000 | 00558nam a2200145Ia 4500 | ||
|---|---|---|---|
| 008 | 151213s9999 xx 000 0 und d | ||
| 100 | _aফজলুল করিম। | ||
| 245 |
_aশহীদ জ্যেতির্ময় গুহ ঠাকুরতা স্বারক গন্থ। _cফজলুল করিম। |
||
| 260 |
_aঢাকা _bবাংলা একাডেমী। _c1986 |
||
| 300 | _a8824 p. | ||
| 650 | _aBangla | ||
| 650 | _aরচনা সমগ্র। | ||
| 700 | _aফজলুল করিম। | ||
| 999 |
_c4609 _d4609 |
||